Giner de los Ríos, educador / (Record no. 185345)

MARC details
000 -LEADER
campo de control de longitud fija 01444nam a2200301 i 4500
001 - NÚMERO DE CONTROL
campo de control 185345
003 - IDENTIFICADOR DE NÚMERO DE CONTROL
campo de control SpMaBN
005 - FECHA Y HORA DE LA ÚLTIMA TRANSACCIÓN
campo de control 20231221194636.0
008 - DATOS DE LONGITUD FIJA--INFORMACIÓN GENERAL
campo de control de longitud fija 160523s2015 sp aco |||| |bspa d
020 ## - NÚMERO INTERNACIONAL ESTÁNDAR DEL LIBRO
Número Internacional Estándar del Libro 978-84-9017-002-1
080 ## - NÚMERO DE LA CLASIFICACIÓN DECIMAL UNIVERSAL
Número de la Clasificación Decimal Universal 929:37 Giner de los Ríos, Francisco
100 1# - ENTRADA PRINCIPAL--NOMBRE DE PERSONA
Nombre de persona Altamira, Rafael,
Fechas asociadas al nombre 1866-1951
9 (RLIN) 20515
245 10 - MENCIÓN DEL TÍTULO
Título Giner de los Ríos, educador /
Mención de responsabilidad, etc. Rafael Altamira Crevea ; estudio preliminar, Delia Manzanero.
260 ## - PUBLICACIÓN, DISTRIBUCIÓN, ETC.
Lugar de publicación, distribución, etc. Pamplona :
Nombre del editor, distribuidor, etc. Analecta,
Fecha de publicación, distribución, etc. [2015]
300 ## - DESCRIPCIÓN FÍSICA
Extensión LXXVI, 173 p. :
Otras características físicas il., retr. ;
Dimensiones 21 cm.
490 1# - MENCIÓN DE SERIE
Mención de serie Ensayo. Textos reunidos
504 ## - NOTA DE BIBLIOGRAFÍA, ETC.
Nota de bibliografía, etc. Referencias bibliográficas.
505 8# - NOTA DE CONTENIDO CON FORMATO
Nota de contenido con formato Contiene: La mirada de Altamira: el Giner "educador" que hizo nacer al Giner "jurista" / Delia Manzanero - Apéndices: I. Datos biográficos de don Francisco Giner de los Ríos - II. Bibliografía de Giner . Don Francisco Giner de los Ríos: necrológica / Rafael Altamira
600 14 - PUNTO DE ACCESO ADICIONAL DE MATERIA--NOMBRE DE PERSONA
Nombre de persona Giner de los Ríos, Francisco,
Fechas asociadas al nombre 1839-1915
9 (RLIN) 57122
700 1# - ENTRADA AGREGADA--NOMBRE PERSONAL
Nombre de persona Manzanero, Delia.
9 (RLIN) 159616
740 32 - ENTRADA AGREGADA--TÍTULO RELACIONADO/ANALÍTICO NO CONTROLADO
Título relacionado o analítico no controlado La mirada de Altamira: el Giner "educador" que hizo nacer al Giner "jurista"
740 02 - ENTRADA AGREGADA--TÍTULO RELACIONADO/ANALÍTICO NO CONTROLADO
Título relacionado o analítico no controlado Don Francisco Giner de los Ríos: necrológica.
830 0# - PUNTO DE ACCESO ADICIONAL DE SERIE-TÍTULO UNIFORME
Título uniforme Ensayo. Textos reunidos
9 (RLIN) 225191
852 ## - LOCALIZACIÓN
Ubicación ES-MaACL
Número de control de estantería A-13776
itemnumber 192371
Sublocalización o colección R.151126
Ubicación en estantería Depósito 1
Signatura antigua Olim: N-6776
Donativo/Legado Donación: Pilar Altamira
903 ## - NOMBRE PERSONAL DE DONANTE
a Altamira, Pilar,
d 1939-
e Donante
9 20514
942 ## - ELEMENTOS DE ENTRADA SECUNDARIOS (KOHA)
Fuente del sistema de clasificación o colocación Clasificación decimal universal
Tipo de ítem Koha Libro impreso
Holdings
Estatus retirado Estado de pérdida Fuente del sistema de clasificación o colocación Estado de daño No para préstamo Biblioteca de origen Biblioteca actual Ubicación en estantería Fecha de adquisición Fuente de adquisición Total de préstamos Signatura topográfica completa Código de barras Visto por última vez Precio de reemplazo Tipo de ítem Koha
    Clasificación decimal universal     Biblioteca del Ateneo de Madrid Biblioteca del Ateneo de Madrid Depósito 1 23/05/2016 Donación   A-13776 1195272 23/02/2023 23/02/2023 Libro impreso